01415nam a2200241Ia 4500001001100000003001000011008004100021040002500062041001300087100002700100245006200127250001100189260006700200300002700267500026000294501011400554520026000668650002800928942000700956957000600963999004200969952016201011L264-20770IT-CnALBA170116s9999||||xx |||||||||||||| ||und|| aIT-CnALBAcIT-CnALBA aITALIANO aCUTTAZ FRANCOIS, MONS. 0aRISPETTO DELLA PERSONA UMANA. GLI EFFETTI DELLA CRESIMA.  a1a ed. aCINISELLO BALSAMO (MI)bEDIZIONI PAOLINEc1965 [1° Ed.: n.d.] a263 p. (prefazione: 5) aTRADUZIONE DAL FRANCESE (NOTRE PENTECOTE) DI CARLO M. RICHELMY. SCOPO DELLA CRESIMA. IMPEGNI. CARATTERE. GRAZIA SACRAMENTALE. GRAZIA SANTIFICANTE (DI ADOZIONE). AIUTO DEL PADRINO. SOGGETTO. MINISTRO DEL SACRAMENTO. RITO ESSENZIALE. PRESCRIZIONI E RITI SEC aSocietà San Paolo EM - Piazza San Paolo, 14 - 12051 ALBA (CN) (non commercial uses only) ® Copyright 2017 aTRADUZIONE DAL FRANCESE (NOTRE PENTECOTE) DI CARLO M. RICHELMY. SCOPO DELLA CRESIMA. IMPEGNI. CARATTERE. GRAZIA SACRAMENTALE. GRAZIA SANTIFICANTE (DI ADOZIONE). AIUTO DEL PADRINO. SOGGETTO. MINISTRO DEL SACRAMENTO. RITO ESSENZIALE. PRESCRIZIONI E RITI SEC aCULTO PUBBLICO LITURGIA cBK 71 a25507bNOg Copie: 1 c279885d279885 0010406L_2642077071aALBAbALBAd2017-01-16l0oL264-20770r2017-01-16 00:00:00w2017-01-16yBKz(data import: 16 gennaio 2017) - By Epidotti, Vaglietti.